00309nam a2200121Ia 4500008004100000020001500041041001200056100001500068245004300083260004200126300000800168650001100176221030s9999 xx 000 0 und d a8189757806 aEnglish aS. Katiyar 0aSatellite Communicationcby S. Katiyar bS. K. Kataria & SonsaNew Delhic2014 a514 aBB ECE